000 01743nam a2200325Ia 4500
999 _c54990
_d54990
001 22061
003 GE_BSU
005 20221007173150.0
008 181216s ||||ge |||||||||||||| ||geo||
020 _a9789941176005
040 _cGE_BSU
041 _ageo
080 _a51-77 : 519.86(042.4) დ-79
100 _aდოჭვირი, ბესარიონ
_915168
245 _aფინანსური მათემატიკა, ალბათობა, სტატისტიკა :
_b საწყისები [ლექციების მოკლე კურსი] /
_cბესარიონ დოჭვირი ; რედ. : ელიზბარ ნადარაია, ო. ღლონტი.
264 _aთბილისი :
_bთბილ. უნ-ტის გამ-ბა,
_c2012.
300 _a255 გვ. :
_bცხრ., ნახ. ;
_c25 სმ.
504 _aბიბლიოგრაფია გვ. 254
541 _h9ლ.20თ.
653 _aმათემატიკა
653 _aფინანსური მათემატიკა
653 _aალბათობა
653 _aსტატისტიკა
653 _aმათემატიკური სტატისტიკა
653 _aალბათობის თეორია
700 _aნადარაია, ელიზბარ
_eრედაქტორი
_915169
700 _aღლონტი, ო.
_eრედაქტორი
_915170
710 _aთბილისის ივანე ჯავახიშვილის სახელობის სახელმწიფო უნივერსიტეტი
_99399
942 _cBK
_2udc